Instrucciones para salvar el mundo / (Registro nro. 10587)
[ vista simple ]
| 000 -LIDER | |
|---|---|
| fixed length control field | 00841nam a22002897a 4500 |
| 001 - NÚMERO DE CONTROL | |
| Identificador de número de control | 00021 |
| 003 - IDENTIFICACDOR DE NÚMERO DE CONTROL | |
| control field | DO-SdBNP |
| 005 - DATE AND TIME OF LATEST TRANSACTION | |
| control field | 20240319120029.0 |
| 007 - CAMPOS FIJOS DE DESCRIPCIÓN FÍSICA | |
| fixed length control field | 00021 |
| 008 - ELEMENTOS DE LONGITUD FIJA | |
| fixed length control field | 160627b2008 cl |||| 00| 0 spa d |
| 020 ## - ISBN | |
| International Standard Book Number | 9789587047394 |
| 040 ## - FUENTE DE CATALOGACIÓN | |
| Agencia que crea de manera original el registro | BPMSU |
| Idioma de catalogación | spa |
| Agencia que realiza la transcripción | BPMSU |
| 082 #4 - NÚMERO DE CLASIFICACIÓN DECIMAL DE DEWEY | |
| Classification number | 863.6 |
| Item number | M778i 2008 |
| Edition number | 22 |
| 092 ## - LOCALLY ASSIGNED DEWEY DECIMAL CALL NUMBER | |
| Número de clasificación | xxxxxx |
| Número de ítem (Cutter) | xxxxxx |
| 100 1# - ASIENTO PRINCIPAL -- NOMBRE PERSONAL | |
| Nombre personal | Montero, Rosa, |
| Fechas asociadas con el nombre | 1951- |
| 245 10 - MENCIÓN DE TITULO | |
| Título | Instrucciones para salvar el mundo / |
| Mención de responsabilidad | Rosa Montero. |
| 260 ## - PUBLICACIÓN, DISTRIBUCIÓN, ETC. (PIE DE IMPRENTA) | |
| Lugar de publicación, distribución, etc | Bogotá : |
| Nombre del editor, distribuidor, etc. | Alfaguara, |
| Fecha de publicación, distribución, etc | 2008 |
| 300 ## - DESCRIPCIÓN FÍSICA | |
| Extensión | 312 p. |
| Dimensiones | 24 cm. |
| 500 ## - NOTA GENERAL | |
| Nota general | Incluye datos biográficos de la autora en la solapa de la cubierta. |
| 590 ## - NOTA LOCAL | |
| Texto de la nota local | Inventariado, 2024/VM |
| 600 ## - ENCABEZAMIENTO DE MATERIA--NOMBRE PERSONAL | |
| Nombre personal | |
| 650 #4 - ENCABEZAMIENTO DE MATERIA--TEMÁTICO | |
| Término temático o nombre geográfico como elemento de entrada | Novela española. |
| 650 #4 - ENCABEZAMIENTO DE MATERIA--TEMÁTICO | |
| Término temático o nombre geográfico como elemento de entrada | Vida cotidiana |
| Subdivisión de forma | Novela. |
| 650 #4 - ENCABEZAMIENTO DE MATERIA--TEMÁTICO | |
| Término temático o nombre geográfico como elemento de entrada | Novela humorística |
| 910 ## - VALIDACIÓN | |
| Validación | LOPEREZ/ VMateo V. Control de calidad. BPMSU |
| 942 ## - ADDED ENTRY ELEMENTS (KOHA) | |
| Source of classification or shelving scheme | Dewey Decimal Classification |
| Koha item type | Libros |
| Withdrawn status | Lost status | Source of classification or shelving scheme | Damaged status | Not for loan | Collection code | Home library | Current library | Date acquired | Source of acquisition | Total Checkouts | Full call number | Barcode | Date last seen | Price effective from | Koha item type | Copy number |
|---|---|---|---|---|---|---|---|---|---|---|---|---|---|---|---|---|
| Dewey Decimal Classification | Colección General | Biblioteca Pública Metropolitana Salomé Ureña | Biblioteca Pública Metropolitana Salomé Ureña | 06/27/2016 | Alfaguara | BPMSU CG 863.6 M778i 2008 | BPMSU16060571 | 06/27/2016 | 06/27/2016 | Libros | ||||||
| Dewey Decimal Classification | Colección General | Biblioteca Pública Metropolitana Salomé Ureña | Biblioteca Pública Metropolitana Salomé Ureña | 06/27/2016 | Alfaguara | BPMSU CG 863.6 M778i 2008 | BPMSU16060572 | 06/27/2016 | 06/27/2016 | Libros | e.2 | |||||
| Dewey Decimal Classification | Colección General | Biblioteca Pública Metropolitana Salomé Ureña | Biblioteca Pública Metropolitana Salomé Ureña | 06/27/2016 | Alfaguara | BPMSU CG 863.6 M778i 2008 | BPMSU16060573 | 06/27/2016 | 06/27/2016 | Libros | e.3 |